000 00365nam a22001577a 4500
003 SGT
020 _a9781138098732
082 _a615.01,
_bF23M
100 _aMANTUS, DAVID, ED
245 _aFDA REGULATORY AFFAIRS
260 _aNEWYORK
_bCRC PRESS
_c2023
300 _a387
650 _aFDA REGULATORY AFFAIRS
653 _a REGULATORY AFFAIRS
942 _2ddc
_cBK
999 _c23495
_d23495